[Event "Vrnjacka Banja"]
[Site "Vrnjacka Banja"]
[Date "1988.??.??"]
[Round "?"]
[White "Lukacs, Peter"]
[Black "Marinkovic, Ivan"]
[Result "1/2-1/2"]
[WhiteElo "2490"]
[BlackElo "2415"]
[PlyCount "51"]
[EventDate "1988.04.??"]
[EventType "tourn"]
[EventRounds "15"]
[EventCountry "YUG"]
[EventCategory "8"]
[Source "ChessBase"]
[SourceDate "1996.11.15"]
[WhiteTeamCountry "HUN"]
[BlackTeamCountry "ESP"]

1. d4 Nf6 2. c4 c5 3. d5 b5 4. cxb5 a6 5. e3 g6 6. Nc3 Bg7 7. a4 O-O 8. Bc4
axb5 9. Nxb5 Ne4 10. Nf3 d6 11. O-O Nd7 12. Qc2 f5 13. Rb1 Nb6 14. b3 Nxc4 15.
Qxc4 Ba6 16. Bb2 Bxb2 17. Rxb2 Qa5 18. Rc1 Rfb8 19. g4 Bxb5 20. axb5 Qxb5 21.
gxf5 gxf5 22. Nh4 Qxc4 23. Rxc4 Nf6 24. Nxf5 Kf7 25. e4 Ra3 26. e5 1/2-1/2

[Event "Haringey"]
[Site "London"]
[Date "1988.??.??"]
[Round "?"]
[White "Lukacs, Peter"]
[Black "Hodgson, Julian M"]
[Result "0-1"]
[WhiteElo "2490"]
[BlackElo "2525"]
[PlyCount "60"]
[EventDate "1988.07.??"]
[EventType "schev"]
[EventRounds "9"]
[EventCountry "ENG"]
[Source "ChessBase"]
[SourceDate "1996.11.15"]
[WhiteTeamCountry "HUN"]
[BlackTeamCountry "ESP"]

1. d4 Nf6 2. c4 c5 3. d5 b5 4. cxb5 a6 5. e3 g6 6. Nc3 Bg7 7. a4 O-O 8. Bc4
axb5 9. Nxb5 d6 10. Ne2 Ne4 11. O-O Nd7 12. Ra3 Nb6 13. b3 Ba6 14. f3 Nf6 15.
e4 Nfd7 16. Qc2 Ne5 17. Bd2 Qd7 18. f4 Nexc4 19. bxc4 Nxc4 20. Rb3 Bxb5 21.
axb5 Na3 22. Qc1 Nxb5 23. e5 Ra2 24. Rd1 dxe5 25. Qb1 Rxd2 26. Rxd2 Nd4 27. Rb8
Qxd5 28. Kf2 exf4 29. Rxf8+ Bxf8 30. Nxf4 Qg5 0-1

[Event "Auckland"]
[Site "Auckland"]
[Date "1992.??.??"]
[Round "10"]
[White "Metge, J Nigel"]
[Black "Sarfati, Jonathan D"]
[Result "1-0"]
[WhiteElo "2235"]
[BlackElo "2305"]
[PlyCount "108"]
[EventDate "1992.??.??"]
[EventType "tourn"]
[EventRounds "11"]
[EventCountry "NZL"]
[EventCategory "5"]
[Source "ChessBase"]
[SourceDate "1996.11.15"]
[WhiteTeamCountry "HUN"]
[BlackTeamCountry "ESP"]

1. d4 Nf6 2. c4 c5 3. d5 b5 4. cxb5 a6 5. e3 g6 6. Nc3 Bg7 7. a4 O-O 8. Ra3 Bb7
9. Nh3 e6 10. Nf4 exd5 11. Nfxd5 d6 12. b6 Nxd5 13. Nxd5 Bxd5 14. Qxd5 Qxb6 15.
Qxa8 Bxb2 16. Bxb2 Qxb2 17. Rd3 c4 18. Rd1 Qb4+ 19. Ke2 c3 20. Kf3 Nd7 21. Qe4
Ne5+ 22. Kf4 Qb2 23. Kg3 c2 24. Bxa6 cxd1=Q 25. Rxd1 f5 26. Bc4+ Kg7 27. Qd4
Qxd4 28. Rxd4 Nxc4 29. Rxc4 Ra8 30. Kf3 Kf6 31. Ke2 Ke5 32. Kd3 Kd5 33. Kc3 Ra7
34. f3 Ra8 35. Kb3 Ra7 36. Rb4 Kc5 37. Rb5+ Kc6 38. e4 fxe4 39. fxe4 Re7 40.
Rb4 Re5 41. Rd4 Rh5 42. h3 Re5 43. Kb4 h5 44. a5 Rb5+ 45. Ka4 Rb2 46. Rc4+ Kd7
47. a6 Rxg2 48. Kb5 Rb2+ 49. Rb4 Ra2 50. Kb6 Kc8 51. a7 h4 52. Rc4+ Kd7 53.
Rc7+ Ke6 54. Rc8 Ke5 1-0

[Event "Dortmund-B"]
[Site "Dortmund"]
[Date "1989.??.??"]
[Round "?"]
[White "Flear, Glenn C"]
[Black "Mainka, Romuald"]
[Result "0-1"]
[WhiteElo "2500"]
[BlackElo "2410"]
[PlyCount "82"]
[EventDate "1989.03.??"]
[EventType "tourn"]
[EventRounds "11"]
[EventCountry "GER"]
[EventCategory "8"]
[Source "ChessBase"]
[SourceDate "1996.11.15"]
[WhiteTeamCountry "HUN"]
[BlackTeamCountry "ESP"]

1. d4 Nf6 2. c4 c5 3. d5 b5 4. cxb5 a6 5. e3 g6 6. Nc3 Bg7 7. a4 O-O 8. Ra3 Bb7
9. Nh3 e6 10. Nf4 Re8 11. Bc4 axb5 12. Nxb5 exd5 13. Nxd5 Bxd5 14. Bxd5 Nxd5
15. Qxd5 Nc6 16. Nd6 Re6 17. O-O Nb4 18. Qd2 Qe7 19. Nb5 d5 20. b3 Rd8 21. Qd1
d4 22. exd4 cxd4 23. Bd2 Nd5 24. Ra2 Nc3 25. Bxc3 dxc3 26. Qc1 Qb4 27. Qa3 Qf4
28. g3 Qf3 29. Qc1 h5 30. h4 Qd3 31. Kg2 Qd5+ 32. Kg1 Qxb3 33. Rc2 Rd3 34. Qb1
Qxa4 35. Ra2 Qe4 36. Nc7 Bd4 37. Kh2 Re7 38. Qb8+ Kh7 39. Nb5 Be5 40. Qe8 Qxh4+
41. Kg1 Bxg3 0-1

[Event "Benasque op"]
[Site "Benasque"]
[Date "1993.??.??"]
[Round "3"]
[White "Montecatine Rios, Ricardo"]
[Black "Komljenovic, Davor"]
[Result "1/2-1/2"]
[WhiteElo "2330"]
[BlackElo "2450"]
[PlyCount "81"]
[EventDate "1993.07.??"]
[EventType "swiss"]
[EventRounds "9"]
[EventCountry "ESP"]
[Source "ChessBase"]
[SourceDate "1996.11.15"]
[WhiteTeamCountry "HUN"]
[BlackTeamCountry "ESP"]

1. d4 Nf6 2. c4 c5 3. d5 b5 4. cxb5 a6 5. e3 Bb7 6. Nc3 axb5 7. Bxb5 Qa5 8. e4
Nxe4 9. Nge2 Nd6 10. Ba4 g6 11. O-O Bg7 12. Bg5 Nf5 13. Bb5 O-O 14. a4 e6 15.
Ng3 Nxg3 16. hxg3 Bd4 17. Ne4 f5 18. Nd6 Bxd5 19. Be7 Nc6 20. Bxf8 Rxf8 21. Nc4
Bxc4 22. Bxc4 Ne5 23. Bb5 f4 24. gxf4 Rxf4 25. Ra3 Qc7 26. g3 Rf7 27. Kg2 Bxb2
28. Rb3 Qb7+ 29. f3 Bd4 30. a5 Qd5 31. Bd3 c4 32. Be4 Qc5 33. Rb8+ Kg7 34. Rc8
Nc6 35. Qa4 Qxa5 36. Qxc4 Qd2+ 37. Kh1 Ne7 38. Qc1 Qa5 39. Rc4 Bf6 40. Rc2 d5
41. Bd3 1/2-1/2

[Event "OHRA-B"]
[Site "Amsterdam"]
[Date "1988.??.??"]
[Round "?"]
[White "Brenninkmeijer, Joris"]
[Black "Andruet, Gilles"]
[Result "1/2-1/2"]
[WhiteElo "2390"]
[BlackElo "2450"]
[PlyCount "87"]
[EventDate "1988.07.??"]
[EventType "swiss"]
[EventRounds "9"]
[EventCountry "NED"]
[Source "ChessBase"]
[SourceDate "1996.11.15"]
[WhiteTeamCountry "HUN"]
[BlackTeamCountry "ESP"]

1. d4 Nf6 2. c4 c5 3. d5 b5 4. cxb5 a6 5. e3 axb5 6. Bxb5 Qa5+ 7. Nc3 Bb7 8.
Bd2 Qb6 9. Nge2 Nxd5 10. O-O Nf6 11. a4 e6 12. Ng3 Nc6 13. Nce4 Nxe4 14. Nxe4
Be7 15. Bc3 O-O 16. Qg4 f6 17. Rad1 Qc7 18. f4 Rad8 19. Bd3 Nb4 20. Bxb4 f5 21.
Qg3 fxe4 22. Bc3 Bf6 23. Bxf6 Rxf6 24. Bb5 Bc6 25. Bxc6 Qxc6 26. Rc1 Rf5 27.
Qh4 Rb8 28. Qe7 Rxb2 29. Rfd1 Rb7 30. Rc4 h6 31. h3 Rc7 32. Rd6 Qb7 33. Kh2 Rf7
34. Qe8+ Rf8 35. Qg6 Rf5 36. Qe8+ Rf8 37. Qg6 Rf5 38. Qe8+ Kh7 39. a5 Rd5 40.
Rb6 Qc8 41. Qxc8 Rxc8 42. a6 Ra8 43. Rxe4 Rd3 44. Rc4 1/2-1/2

[Event "Reykjavik op"]
[Site "Reykjavik"]
[Date "1988.??.??"]
[Round "?"]
[White "Arnason, Throstur"]
[Black "Polgar, Sofia"]
[Result "0-1"]
[WhiteElo "2235"]
[BlackElo "2320"]
[PlyCount "98"]
[EventDate "1988.02.??"]
[EventType "swiss"]
[EventRounds "11"]
[EventCountry "ISL"]
[Source "ChessBase"]
[SourceDate "1996.11.15"]
[WhiteTeamCountry "HUN"]
[BlackTeamCountry "ESP"]

1. d4 Nf6 2. c4 c5 3. d5 b5 4. cxb5 a6 5. e3 Bb7 6. Nc3 Qa5 7. Bd2 axb5 8. Bxb5
Qb6 9. Nge2 Nxd5 10. O-O e6 11. a4 Nb4 12. e4 Be7 13. Ng3 O-O 14. Qg4 Kh8 15.
Nce2 Bc6 16. Nh5 Rg8 17. Bc3 Bf8 18. Bxb4 Bxb5 19. axb5 Rxa1 20. Rxa1 cxb4 21.
Qf4 Qxb5 22. Neg3 f6 23. Ra8 Nc6 24. Qc7 Qd3 25. Nf4 Qb1+ 26. Nf1 Qxe4 27. Qxd7
Nd4 28. Qe8 g5 29. Nh5 Ne2+ 30. Kh1 Qb1 31. Nhg3 Nxg3+ 32. hxg3 Qxf1+ 33. Kh2
Qd3 34. Qf7 Qg6 35. Qxe6 Bc5 36. Rxg8+ Qxg8 37. Qxf6+ Qg7 38. Qd8+ Bf8 39. b3
h6 40. Qd5 Qf6 41. f3 Kg7 42. Kh3 Qf7 43. Qd4+ Kg8 44. g4 Qxb3 45. g3 Qxf3 46.
Qc4+ Kh8 47. Qc1 b3 48. Qg1 Bg7 49. Qf2 Qh1+ 0-1

[Event "HUN-chT 9394"]
[Site "Hungary"]
[Date "1994.??.??"]
[Round "?"]
[White "Horvath, Julia"]
[Black "Mate, Laszlo"]
[Result "0-1"]
[WhiteElo "2250"]
[BlackElo "2290"]
[PlyCount "80"]
[EventDate "1993.??.??"]
[EventType "team"]
[EventRounds "13"]
[EventCountry "HUN"]
[Source "ChessBase"]
[SourceDate "1996.11.15"]
[WhiteTeamCountry "HUN"]
[BlackTeamCountry "ESP"]

1. d4 Nf6 2. c4 c5 3. d5 b5 4. cxb5 a6 5. e3 axb5 6. Bxb5 Qa5+ 7. Nc3 Bb7 8.
Bc4 e6 9. Bd2 Qb6 10. e4 Nxe4 11. Nf3 Nd6 12. Ne5 Be7 13. b3 Bf6 14. Ng4 Bd4
15. O-O O-O 16. Ne3 Ba6 17. Bxa6 Nxa6 18. Rc1 Qb7 19. Ne2 Bxe3 20. Bxe3 Nf5 21.
Bxc5 Nxc5 22. Rxc5 Rxa2 23. Qd3 Rb8 24. Rfc1 h5 25. h3 Qxb3 26. Rc8+ Kh7 27.
Qxb3 Rxb3 28. Nf4 Rbb2 29. Rf1 Ng3 30. fxg3 e5 31. Re1 exf4 32. gxf4 Rxg2+ 33.
Kh1 Rh2+ 34. Kg1 Rag2+ 35. Kf1 Rd2 36. Kg1 Rxh3 37. Rce8 Rg3+ 38. Kf1 Rf3+ 39.
Kg1 Rxf4 40. R1e5 Ra4 0-1

[Event "Wellington"]
[Site "Wellington"]
[Date "1988.??.??"]
[Round "?"]
[White "Christiansen, Larry Mark"]
[Black "Sarfati, Jonathan D"]
[Result "1/2-1/2"]
[WhiteElo "2575"]
[BlackElo "2250"]
[PlyCount "124"]
[EventDate "1988.03.??"]
[EventType "tourn"]
[EventRounds "11"]
[EventCountry "NZL"]
[EventCategory "8"]
[Source "ChessBase"]
[SourceDate "1996.11.15"]
[WhiteTeamCountry "HUN"]
[BlackTeamCountry "ESP"]

1. d4 Nf6 2. c4 c5 3. d5 b5 4. cxb5 a6 5. e3 axb5 6. Bxb5 Qa5+ 7. Nc3 Bb7 8.
Bd2 Qb6 9. Bc4 e6 10. e4 Nxe4 11. Nf3 Be7 12. O-O O-O 13. Re1 Nf6 14. Bb3 Na6
15. Ne5 exd5 16. Nxd7 Nxd7 17. Rxe7 Nf6 18. Bg5 d4 19. Rxb7 Qxb7 20. Bxf6 gxf6
21. Qg4+ Kh8 22. Qf5 Nb4 23. Ne4 Rg8 24. g3 Qe7 25. Nxf6 Rg6 26. Nh5 Rg5 27.
Qf3 Rd8 28. Kg2 Nd5 29. a4 Qe5 30. Bxd5 Qxd5 31. Qxd5 Rgxd5 32. Nf4 R5d6 33.
Nd3 Rc8 34. Ne5 Kg7 35. Nc4 Ra6 36. Kf3 Kf6 37. Ke4 Ke6 38. g4 Rb8 39. a5 Rb3
40. f4 d3 41. f5+ Kd7 42. Ne5+ Kc7 43. Nxd3 Kc6 44. Ne5+ Kb5 45. Nxf7 Rxb2 46.
h4 Rb4+ 47. Ke5 Rxg4 48. Nd6+ Kc6 49. f6 Kd7 50. Nb7 Ke8 51. Nxc5 Ra7 52. Ke6
Rg2 53. Re1 Rf2 54. a6 Ra2 55. h5 R2xa6+ 56. Nxa6 Rxa6+ 57. Kf5+ Kf8 58. Rd1
Ke8 59. Kg5 Ra5+ 60. Kh6 Kf7 61. Rd7+ Kxf6 62. Rxh7 Ra8 1/2-1/2

[Event "Russian Winter op"]
[Site "Moscow"]
[Date "1991.??.??"]
[Round "?"]
[White "Yuferov, Sergey  N"]
[Black "Utemov, Vladimir"]
[Result "1/2-1/2"]
[WhiteElo "2395"]
[BlackElo "2425"]
[PlyCount "52"]
[EventDate "1991.??.??"]
[EventType "swiss"]
[EventRounds "9"]
[EventCountry "URS"]
[Source "ChessBase"]
[SourceDate "1996.11.15"]
[WhiteTeamCountry "HUN"]
[BlackTeamCountry "ESP"]

1. d4 Nf6 2. c4 c5 3. d5 b5 4. cxb5 a6 5. e3 Bb7 6. Nc3 axb5 7. Bxb5 Qa5 8. Bd2
Qb6 9. Bc4 e6 10. Qf3 exd5 11. Nxd5 Nxd5 12. Bxd5 Bxd5 13. Qxd5 Qxb2 14. Rd1
Nc6 15. Bc1 Qb4+ 16. Rd2 Qg4 17. Ne2 Qe6 18. Nf4 Qxd5 19. Nxd5 Ra7 20. Ke2 Nb4
21. Nxb4 cxb4 22. Rc2 Be7 23. Rc8+ Bd8 24. Bd2 Rxa2 25. Rb1 O-O 26. Ke1 Ba5
1/2-1/2

[Event "Naestved op"]
[Site "Naestved"]
[Date "1988.??.??"]
[Round "?"]
[White "Lamprecht, Frank"]
[Black "Geisler, Robert"]
[Result "1/2-1/2"]
[WhiteElo "2160"]
[BlackElo "2245"]
[PlyCount "92"]
[EventDate "1988.07.??"]
[EventType "swiss"]
[EventRounds "9"]
[EventCountry "DEN"]
[Source "ChessBase"]
[SourceDate "1996.11.15"]
[WhiteTeamCountry "HUN"]
[BlackTeamCountry "ESP"]

1. d4 Nf6 2. c4 c5 3. d5 b5 4. cxb5 a6 5. e3 axb5 6. Bxb5 Qa5+ 7. Nc3 Bb7 8.
Bd2 Qb6 9. Qb3 e6 10. Bc4 Qxb3 11. Bxb3 Na6 12. f3 exd5 13. Nge2 Nc7 14. O-O
Bd6 15. Rfd1 Bc6 16. Be1 O-O 17. Bh4 Be5 18. Bxf6 Bxf6 19. Bxd5 Nxd5 20. Nxd5
Bxb2 21. Rab1 Be5 22. Ne7+ Kh8 23. Nxc6 dxc6 24. Rd2 Ra3 25. Kf2 c4 26. Rc1 c3
27. Rdc2 Rd8 28. f4 Bf6 29. Nxc3 Bxc3 30. Rxc3 Rd2+ 31. Kf3 Raxa2 32. Rxc6 Rf2+
33. Ke4 g6 34. Rc7 Kg7 35. g3 Ra4+ 36. Ke5 Ra5+ 37. R1c5 Rxc5+ 38. Rxc5 Rxh2
39. g4 h6 40. e4 Rg2 41. f5 gxf5 42. gxf5 Ra2 43. Rc8 Ra5+ 44. Kf4 Ra4 45. Re8
Kf6 46. Kg4 Rb4 1/2-1/2

[Event "Lyon zt"]
[Site "Lyon"]
[Date "1990.??.??"]
[Round "3"]
[White "Miralles, Gilles"]
[Black "Koch, Jean Rene"]
[Result "1-0"]
[WhiteElo "2460"]
[BlackElo "2425"]
[PlyCount "81"]
[EventDate "1990.04.??"]
[EventType "tourn"]
[EventRounds "13"]
[EventCountry "FRA"]
[EventCategory "8"]
[Source "ChessBase"]
[SourceDate "1996.11.15"]
[WhiteTeamCountry "HUN"]
[BlackTeamCountry "ESP"]

1. d4 Nf6 2. c4 c5 3. d5 b5 4. cxb5 a6 5. e3 Bb7 6. Nc3 Qa5 7. Bd2 axb5 8. Bxb5
Qb6 9. Qb3 e6 10. Bc4 Qxb3 11. Bxb3 Na6 12. Nge2 Nb4 13. O-O Nfxd5 14. Nxd5
Nxd5 15. e4 Nb4 16. Ng3 h5 17. h4 Be7 18. Bc3 Rh7 19. a3 Na6 20. e5 Bxh4 21.
Bc2 Rh6 22. Ne4 Be7 23. Nd6+ Bxd6 24. exd6 f5 25. f3 Kf7 26. Bd2 Rhh8 27. b4
cxb4 28. axb4 h4 29. Kh2 h3 30. g4 Rac8 31. Ba4 Rc4 32. gxf5 Rd4 33. fxe6+ dxe6
34. Bc3 Rxd6 35. Rg1 e5 36. Bb3+ Kf8 37. b5 Nc5 38. Bb4 Ke8 39. Rae1 Rd3 40.
Rxe5+ Kd8 41. Ba5+ 1-0

[Event "Midwest Masters op"]
[Site "Chicago"]
[Date "1986.??.??"]
[Round "4"]
[White "Gurevich, Dmitry"]
[Black "Benjamin, Joel"]
[Result "0-1"]
[WhiteElo "2475"]
[BlackElo "2555"]
[PlyCount "156"]
[EventDate "1986.??.??"]
[EventType "swiss"]
[EventRounds "6"]
[EventCountry "USA"]
[Source "ChessBase"]
[SourceDate "1996.11.15"]
[WhiteTeamCountry "HUN"]
[BlackTeamCountry "ESP"]

1. d4 Nf6 2. c4 c5 3. d5 b5 4. cxb5 a6 5. e3 Bb7 6. Nc3 axb5 7. Bxb5 Qa5 8. Bd2
Qb6 9. Bc4 e6 10. Qb3 Qxb3 11. Bxb3 Na6 12. Nf3 exd5 13. O-O Be7 14. Rfd1 O-O
15. Be1 Nc7 16. Nh4 g6 17. g3 Rfb8 18. Ng2 Bc6 19. Rab1 c4 20. Bc2 Ne6 21. Nf4
d4 22. exd4 Bf3 23. Nfe2 Bb4 24. d5 Ng5 25. h4 Bxe2 26. hxg5 Bxd1 27. Rxd1 Ne8
28. a4 Be7 29. Nb5 Bxg5 30. Bc3 Bf6 31. Bxf6 Nxf6 32. Rd4 Re8 33. Rxc4 Nxd5 34.
Rd4 Re1+ 35. Kh2 Nf6 36. Bd1 Kg7 37. b4 Rc8 38. Nd6 Rc1 39. Bf3 Rc2 40. Kg2 Ra1
41. Rf4 g5 42. Rf5 h6 43. b5 g4 44. b6 gxf3+ 45. Kxf3 Rb2 46. b7 Rb3+ 47. Kg2
Rxb7 48. Nxb7 Rxa4 49. Nd6 Rd4 50. Nb5 Rd5 51. Rxd5 Nxd5 52. Kf3 Kf6 53. Ke4
Ne7 54. Nc7 h5 55. Ne8+ Kg5 56. f4+ Kg6 57. Ke5 Nf5 58. Nc7 Nxg3 59. Nd5 Nf5
60. Ke4 d6 61. Kf3 Nh6 62. Ke4 Ng8 63. Ne3 Nf6+ 64. Kf3 Ng4 65. Nc4 d5 66. Nb6
Nf6 67. Nc8 Kf5 68. Ne7+ Ke6 69. Nc6 Ne4 70. Nd4+ Kd6 71. Nf5+ Kc5 72. Ng7 h4
73. Nf5 h3 74. Nh6 f6 75. Nf5 Kc4 76. Ne3+ Kd4 77. Nf1 Kd3 78. Nh2 f5 0-1

[Event "Calcutta"]
[Site "Calcutta"]
[Date "1986.??.??"]
[Round "?"]
[White "Razuvaev, Yuri S"]
[Black "Tseshkovsky, Vitaly"]
[Result "1/2-1/2"]
[WhiteElo "2525"]
[BlackElo "2455"]
[PlyCount "76"]
[EventDate "1986.02.??"]
[EventType "tourn"]
[EventRounds "13"]
[EventCountry "IND"]
[EventCategory "8"]
[Source "ChessBase"]
[SourceDate "1996.11.15"]
[WhiteTeamCountry "HUN"]
[BlackTeamCountry "SWE"]

1. d4 Nf6 2. c4 c5 3. d5 b5 4. cxb5 a6 5. e3 Bb7 6. Nc3 Qa5 7. Bd2 axb5 8. Bxb5
Qb6 9. Qb3 e6 10. Bc4 Qxb3 11. Bxb3 exd5 12. Nge2 Na6 13. O-O Nc7 14. Rfd1 Bd6
15. Be1 O-O 16. f3 Rfe8 17. Bf2 Be5 18. Rd2 Bc6 19. Rad1 h6 20. h3 Reb8 21. Bc2
Nb5 22. Nxb5 Bxb5 23. b3 Rxa2 24. Bh7+ Kxh7 25. Rxa2 Bxe2 26. Rxe2 Rxb3 27. Rc2
c4 28. Kf1 g5 29. Ke2 Kg6 30. Be1 Kf5 31. e4+ Ke6 32. Rdc1 dxe4 33. fxe4 Bf4
34. Ra1 Re3+ 35. Kf1 Rxe4 36. Ra6+ d6 37. Ra4 Nd5 38. Bf2 Be3 1/2-1/2

[Event "Vienna op"]
[Site "Vienna"]
[Date "1986.??.??"]
[Round "?"]
[White "Ornstein, Axel"]
[Black "Biriescu, Ioan"]
[Result "1/2-1/2"]
[WhiteElo "2455"]
[BlackElo "2320"]
[PlyCount "115"]
[EventDate "1986.11.??"]
[EventType "swiss"]
[EventRounds "9"]
[EventCountry "AUT"]
[Source "ChessBase"]
[SourceDate "1996.11.15"]
[WhiteTeamCountry "HUN"]
[BlackTeamCountry "SWE"]

1. d4 Nf6 2. c4 c5 3. d5 b5 4. cxb5 a6 5. e3 Bb7 6. Nc3 Qa5 7. Bd2 axb5 8. Bxb5
Qb6 9. Qb3 e6 10. Bc4 Qxb3 11. Bxb3 exd5 12. Nge2 Na6 13. O-O Nc7 14. Rfd1 Bd6
15. Be1 O-O 16. Rac1 Bc6 17. Ng3 Rfb8 18. Rb1 g6 19. f3 Rb7 20. Nge2 Rab8 21.
Bh4 Nce8 22. Rd2 Kg7 23. Bg3 Bxg3 24. hxg3 Nc7 25. g4 h6 26. Nf4 c4 27. Bd1 Ne6
28. Nfe2 Ne8 29. b3 N8c7 30. Rc1 Nc5 31. Nd4 Nd3 32. Ra1 Ne6 33. Nxe6+ dxe6 34.
Be2 Ne5 35. f4 Nd7 36. bxc4 dxc4 37. Bxc4 Rb2 38. Rad1 Nf6 39. Be2 Nd5 40. Nxd5
Bxd5 41. a4 R8b4 42. a5 g5 43. f5 R2b3 44. Kf2 Ra3 45. a6 Rbb3 46. fxe6 fxe6
47. Rc1 Rxe3 48. Rc7+ Kf6 49. a7 Reb3 50. Bd1 Rb4 51. Bf3 Rba4 52. Bxd5 exd5
53. Rxd5 Rxa7 54. Rc6+ Kg7 55. Rdd6 Rf7+ 56. Kg1 Ra4 57. Rg6+ Kf8 58. Rc8+
1/2-1/2

[Event "Thessaloniki ol (Men)"]
[Site "Thessaloniki"]
[Date "1984.11.23"]
[Round "5"]
[White "Beliavsky, Alexander G"]
[Black "Miles, Anthony J"]
[Result "1-0"]
[WhiteElo "2620"]
[BlackElo "2510"]
[PlyCount "181"]
[EventDate "1984.11.19"]
[EventType "team"]
[EventRounds "14"]
[EventCountry "GRE"]
[Source "ChessBase"]
[SourceDate "1996.11.15"]
[WhiteTeam "URS"]
[BlackTeam "ENG"]
[WhiteTeamCountry "URS"]
[BlackTeamCountry "ENG"]

1. d4 Nf6 2. c4 c5 3. d5 b5 4. cxb5 a6 5. e3 Bb7 6. Nc3 Qa5 7. Bd2 axb5 8. Bxb5
Qb6 9. Qb3 e6 10. e4 Nxe4 11. Nxe4 Bxd5 12. Qd3 f5 13. Ng3 Bxg2 14. a4 Qb7 15.
f3 Be7 16. N1e2 Bxh1 17. Nxh1 O-O 18. O-O-O Bf6 19. Bc3 d5 20. Nf4 Bxc3 21.
Qxc3 Rf6 22. Ng3 Na6 23. Ngh5 Rf7 24. Nxe6 Nc7 25. Nxc7 Qxc7 26. Qd2 f4 27.
Qxd5 Raf8 28. Qe6 Kh8 29. Rd7 Rxd7 30. Bxd7 Qd8 31. a5 Qg5 32. Qg4 Qxg4 33.
Bxg4 g6 34. Bd7 Ra8 35. Nxf4 Rxa5 36. Kc2 Kg7 37. Be6 Kf6 38. Bg8 Ra8 39. Bc4
Ke5 40. Ne6 Kd6 41. Ng5 Ke5 42. Bd3 Ra7 43. Be4 Kd4 44. Ne6+ Kc4 45. h4 Ra1 46.
Bd3+ Kb4 47. Ng5 Rh1 48. Nxh7 Rxh4 49. Nf6 Rh2+ 50. Kc1 Kb3 51. Ne4 Rh1+ 52.
Kd2 c4 53. Be2 Rb1 54. Bd1+ Kxb2 55. Nc3 Ra1 56. Bc2 Rf1 57. Nd1+ Ka3 58. Ke2
Rh1 59. Bxg6 Rh2+ 60. Ke3 Kb4 61. Kf4 c3 62. Ne3 Kb3 63. Bd3 Kb2 64. Ke4 Kc1
65. f4 Rh8 66. Bb5 Rb8 67. Bd3 Kd2 68. Nc4+ Kd1 69. Kf3 Rh8 70. Be4 Ke1 71. Na3
Kd1 72. f5 Rh7 73. Kf4 Rf7 74. Ke5 Re7+ 75. Kd4 Ke2 76. f6 Rc7 77. Ke5 Ke3 78.
Nc2+ Kd2 79. Kf5 Rc5+ 80. Kf4 Rc8 81. Kg5 Rg8+ 82. Kf5 Rf8 83. Kg6 Rg8+ 84. Kf7
Rg4 85. Bh7 Rh4 86. Bg6 Rg4 87. Na3 Kc1 88. Kg7 Kb2 89. f7 Rf4 90. Nc2 Rxf7+
91. Kxf7 1-0

[Event "Albena"]
[Site "Albena"]
[Date "1985.??.??"]
[Round "?"]
[White "Kouatly, Bachar"]
[Black "Ermenkov, Evgenij"]
[Result "0-1"]
[WhiteElo "2455"]
[BlackElo "2500"]
[PlyCount "100"]
[EventDate "1985.09.02"]
[EventType "tourn"]
[EventRounds "13"]
[EventCountry "BUL"]
[EventCategory "8"]
[Source "ChessBase"]
[SourceDate "1996.11.15"]
[WhiteTeamCountry "URS"]
[BlackTeamCountry "ENG"]

1. d4 Nf6 2. c4 c5 3. d5 b5 4. cxb5 a6 5. e3 axb5 6. Bxb5 Bb7 7. Nc3 Qa5 8. Bd2
Qb6 9. Qb3 e6 10. e4 Nxe4 11. Nxe4 Bxd5 12. Qd3 f5 13. Ng3 Bxg2 14. a4 Qb7 15.
f3 Be7 16. N1e2 Bxh1 17. Nxh1 O-O 18. O-O-O Nc6 19. Kb1 Ne5 20. Qe3 Nxf3 21.
Bc3 Bg5 22. Qxc5 Qe4+ 23. Rd3 Rfc8 24. Qf2 Ne5 25. Qd4 Qxe2 26. Qxe5 Qf1+ 27.
Ka2 Bf6 28. Qxf6 Rxa4+ 29. Kb3 Ra3+ 30. Kxa3 Qa1+ 31. Kb4 gxf6 32. Ng3 Qg1 33.
Bd4 Qe1+ 34. Bc3 Qg1 35. Bd4 Qf1 36. Bc3 Qf2 37. Bd4 Qf4 38. Nh5 Qd6+ 39. Kb3
Rb8 40. Ka4 Ra8+ 41. Kb3 Ra5 42. Bc4 Qc6 43. Nxf6+ Kf7 44. Rh3 Ra1 45. Rxh7+
Kg6 46. Be2 Qa4+ 47. Kc3 Rc1+ 48. Kd3 Qc2+ 49. Ke3 Re1 50. Rg7+ Kxg7 0-1

[Event "Bor"]
[Site "Bor"]
[Date "1985.??.??"]
[Round "5"]
[White "Plaskett, Jim"]
[Black "Barlov, Dragan"]
[Result "1-0"]
[WhiteElo "2480"]
[BlackElo "2450"]
[PlyCount "91"]
[EventDate "1985.??.??"]
[EventType "tourn"]
[EventRounds "13"]
[EventCountry "YUG"]
[EventCategory "10"]
[Source "ChessBase"]
[SourceDate "1996.11.15"]
[WhiteTeamCountry "URS"]
[BlackTeamCountry "ENG"]

1. d4 Nf6 2. c4 c5 3. d5 b5 4. cxb5 a6 5. e3 axb5 6. Bxb5 Qa5+ 7. Nc3 Bb7 8.
Bd2 Qb6 9. Qb3 e6 10. e4 Nxe4 11. Nxe4 Bxd5 12. Qd3 f5 13. Ng3 Bxg2 14. N1e2
Bxh1 15. Nxh1 Be7 16. Nhg3 O-O 17. a4 Nc6 18. Bc3 d5 19. Qe3 e5 20. Bxe5 Bg5
21. f4 Rae8 22. Bxc6 Qxc6 23. Rc1 Be7 24. b4 Bd6 25. Rxc5 Bxc5 26. Qxc5 Qxa4
27. Qxd5+ Kh8 28. Qd4 Rf7 29. Kf2 Qd7 30. Qxd7 Rxd7 31. Nxf5 Rb7 32. Nd6 Reb8
33. Nxb7 Rxb7 34. Bc3 Kg8 35. Nd4 Kf7 36. b5 Ke7 37. Bb4+ Kd7 38. Ke3 Rb8 39.
Kd3 g6 40. Bc5 Ra8 41. b6 Kc8 42. Kc4 Kb7 43. Kb5 Ra2 44. Ne6 Rb2+ 45. Bb4 Kc8
46. Nc5 1-0

[Event "Lugano op"]
[Site "Lugano"]
[Date "1985.??.??"]
[Round "6"]
[White "Gurevich, Dmitry"]
[Black "Nicholson, John G"]
[Result "0-1"]
[WhiteElo "2490"]
[BlackElo "2310"]
[PlyCount "58"]
[EventDate "1985.03.??"]
[EventType "swiss"]
[EventRounds "9"]
[EventCountry "SUI"]
[Source "ChessBase"]
[SourceDate "1996.11.15"]
[WhiteTeamCountry "URS"]
[BlackTeamCountry "ENG"]

1. d4 Nf6 2. c4 c5 3. d5 b5 4. cxb5 a6 5. e3 Bb7 6. Nc3 Qa5 7. Bd2 axb5 8. Bxb5
Qb6 9. Qb3 e6 10. e4 Nxe4 11. Nxe4 Bxd5 12. Qd3 f5 13. Ng3 Bxg2 14. N1e2 Bxh1
15. Nxh1 Be7 16. a4 O-O 17. Nhg3 Nc6 18. Bc3 d5 19. Qe3 Nd8 20. Nh5 d4 21. Nxd4
cxd4 22. Bxd4 Qb7 23. Bxg7 Qh1+ 24. Bf1 f4 25. Qe2 Rf5 26. O-O-O Qc6+ 27. Bc3
f3 28. Qd3 Qxa4 29. Ng3 Rd5 0-1

[Event "Prague zt"]
[Site "Prague"]
[Date "1985.??.??"]
[Round "16"]
[White "Farago, Ivan"]
[Black "Ermenkov, Evgenij"]
[Result "0-1"]
[WhiteElo "2495"]
[BlackElo "2515"]
[PlyCount "36"]
[EventDate "1985.02.??"]
[EventType "tourn"]
[EventRounds "17"]
[EventCountry "CZE"]
[EventCategory "10"]
[Source "ChessBase"]
[SourceDate "1996.11.15"]
[WhiteTeamCountry "URS"]
[BlackTeamCountry "ENG"]

1. d4 Nf6 2. c4 c5 3. d5 b5 4. cxb5 a6 5. e3 Bb7 6. Nc3 axb5 7. Bxb5 Qa5 8. Bd2
Qb6 9. Qb3 e6 10. e4 Nxe4 11. Nxe4 Bxd5 12. Qd3 f5 13. Ng3 Bxg2 14. N1e2 Bxh1
15. Nxh1 Be7 16. Bc3 O-O 17. Bxd7 Rd8 18. Qg3 Bf8 0-1

[Event "Wch U16"]
[Site "Szeged"]
[Date "1994.??.??"]
[Round "2"]
[White "Tihonov, Jurij"]
[Black "Vescovi, Giovanni P"]
[Result "1/2-1/2"]
[WhiteElo "2230"]
[BlackElo "2430"]
[PlyCount "81"]
[EventDate "1994.??.??"]
[EventType "swiss"]
[EventRounds "9"]
[EventCountry "HUN"]
[Source "ChessBase"]
[SourceDate "1996.11.15"]
[WhiteTeamCountry "GER"]
[BlackTeamCountry "GER"]

1. d4 Nf6 2. c4 c5 3. d5 b5 4. cxb5 a6 5. e3 Bb7 6. Nc3 Qa5 7. Bd2 axb5 8. Bxb5
Qb6 9. Qb3 e6 10. e4 Nxe4 11. Nxe4 Bxd5 12. Qd3 Qb7 13. f3 c4 14. Bxc4 Bxc4 15.
Qxc4 d5 16. Qc2 dxe4 17. Rc1 Nd7 18. fxe4 Bc5 19. a3 Bxg1 20. Rxg1 O-O 21. Rf1
Rac8 22. Bc3 Rc4 23. Kf2 Qb6+ 24. Kg3 Nc5 25. Rce1 Qc6 26. Rf4 e5 27. Rg4 Nd7
28. Rg5 Nf6 29. h3 h6 30. Rf5 Nxe4+ 31. Kh2 Nxc3 32. bxc3 Rxc3 33. Qe2 f6 34.
Qa2+ Qc4 35. Rf2 Ra8 36. Qb1 Rcxa3 37. Rxf6 Ra1 38. Qb7 R1a2 39. Qc6 Qh4 40.
Rff1 Qe7 41. Qd5+ 1/2-1/2